Cronicas de los Reyes de Castilla Don Pedro [I], Don Enrique II, Don Juan I, Don Enrique III (Record no. 5225)

MARC details
000 -LEADER
campo de control de longitud fija 01181npm a2200265 i 4500
001 - NÚMERO DE CONTROL
campo de control 5225
003 - IDENTIFICADOR DE NÚMERO DE CONTROL
campo de control ES-MaACL
005 - FECHA Y HORA DE LA ÚLTIMA TRANSACCIÓN
campo de control 20251012205633.0
007 - CAMPO FIJO DE DESCRIPCIÓN FÍSICA--INFORMACIÓN GENERAL
campo de control de longitud fija hzrazu bucu
008 - DATOS DE LONGITUD FIJA--INFORMACIÓN GENERAL
campo de control de longitud fija 900425r19901779sp a 00010 spa d
080 ## - NÚMERO DE LA CLASIFICACIÓN DECIMAL UNIVERSAL
Número de la Clasificación Decimal Universal 9(46)"1"(00)
100 1# - ENTRADA PRINCIPAL--NOMBRE DE PERSONA
Nombre de persona López de Ayala, Pedro,
Fechas asociadas al nombre 1332-1407
9 (RLIN) 73530
245 10 - MENCIÓN DEL TÍTULO
Título Cronicas de los Reyes de Castilla Don Pedro [I], Don Enrique II, Don Juan I, Don Enrique III
Resto del título : [Microforma] /
Mención de responsabilidad, etc. por Pedro Lopez de Ayala... ; con las enmiendas del secretario Geronimo de Zurita ; y las correcciones y notas añadidas por Eugenio de Llaguno y Amirola.
260 ## - PUBLICACIÓN, DISTRIBUCIÓN, ETC.
Lugar de publicación, distribución, etc. Madrid :
Nombre del editor, distribuidor, etc. Ateneo Cientifico, Literario y Artistico,
Fecha de publicación, distribución, etc. 1990.
300 ## - DESCRIPCIÓN FÍSICA
Extensión 1 carrete de microfilme :
Otras características físicas negativo ;
Dimensiones 16 mm.
490 1# - MENCIÓN DE SERIE
Mención de serie Crónicas de los Reyes de Castilla
500 ## - NOTA GENERAL
Nota general Publicado originalmente: Madrid, Impr. de Antonio Sancha, 1779-1780 en 2 v.
650 14 - PUNTO DE ACCESO ADICIONAL DE MATERIA--TÉRMINO DE MATERIA
Término de materia o nombre geográfico como elemento de entrada Obras anteriores a 1800.
9 (RLIN) 15661
700 1# - ENTRADA AGREGADA--NOMBRE PERSONAL
Nombre de persona Llaguno y Amírola, Eugenio,
Fechas asociadas al nombre 1724-1799
9 (RLIN) 72661
700 1# - ENTRADA AGREGADA--NOMBRE PERSONAL
Nombre de persona Zurita, Jerónimo.
9 (RLIN) 118536
830 00 - PUNTO DE ACCESO ADICIONAL DE SERIE-TÍTULO UNIFORME
Título uniforme Crónicas de los reyes de Castilla
9 (RLIN) 177248
852 ## - LOCALIZACIÓN
Ubicación ES-MaACL
Número de control de estantería MC-48
itemnumber 5342
942 ## - ELEMENTOS DE ENTRADA SECUNDARIOS (KOHA)
Fuente del sistema de clasificación o colocación Clasificación decimal universal
Tipo de ítem Koha Microforma
Holdings
Estatus retirado Estado de pérdida Fuente del sistema de clasificación o colocación Estado de daño No para préstamo Colección Biblioteca de origen Biblioteca actual Ubicación en estantería Fecha de adquisición Total de préstamos Signatura topográfica completa Código de barras Visto por última vez Precio de reemplazo Tipo de ítem Koha
    Clasificación decimal universal     Libros del s. XVIII Biblioteca del Ateneo de Madrid Biblioteca del Ateneo de Madrid Depósito 1 17/01/2008   MC-48 1005288 23/02/2023 23/02/2023 Microforma